[Event "GBR-ch111 Over 50"]
[Site "Liverpool"]
[Date "2025.08.06"]
[Round "3.26"]
[White "Rooney, Derek"]
[Black "Faulkner, Martin J"]
[Result "0-1"]
[WhiteElo "1658"]
[BlackElo "1818"]
[PlyCount "66"]
[EventDate "2025.08.04"]
[EventType "swiss"]
[EventRounds "7"]
[EventCountry "GBR"]
[SourceTitle "BritBase"]
[Source "John Saunders"]
[SourceDate "2025.08.11"]
[SourceVersion "1"]
[SourceVersionDate "2025.08.11"]
[SourceQuality "1"]

1. d4 Nf6 2. c4 e6 3. Nc3 Bb4 4. a3 Bxc3+ 5. bxc3 b6 6. e3 Bb7 7. Nf3 Ne4 8. Bb2 O-O 9. Bd3 f5 10. Qc2 c5 11. h4 Qe7 12. a4 d6 13. O-O-O Nd7 14. Ng1 Rac8 15. f3 Nef6 16. Ne2 d5 17. Qb3 Ba6 18. cxd5 Bxd3 19. Nf4 c4 20. Qa2 exd5 21. Rde1 Rfe8 22. Rhg1 Nf8 23. g4 fxg4 24. fxg4 Qd7 25. Ba3 Ne6 26. Nh5 Ne4 27. Qb2 Qxa4 28. Rd1 b5 29. g5 a5 30. Nf6+ gxf6 31. gxf6+ Kf7 32. Be7 b4 33. cxb4 axb4 0-1

[Event "GBR-ch111 Over 50"]
[Site "Liverpool"]
[Date "2025.08.06"]
[Round "3.27"]
[White "White, Nicholas E"]
[Black "Matthews, Adrian MS"]
[Result "0-1"]
[WhiteElo "1706"]
[BlackElo "1796"]
[PlyCount "58"]
[EventDate "2025.08.04"]
[EventType "swiss"]
[EventRounds "7"]
[EventCountry "GBR"]
[SourceTitle "BritBase"]
[Source "John Saunders"]
[SourceDate "2025.08.11"]
[SourceVersion "1"]
[SourceVersionDate "2025.08.11"]
[SourceQuality "1"]

1. f4 c5 2. Nf3 Nc6 3. e3 g6 4. Bb5 Bg7 5. O-O d6 6. Bxc6+ bxc6 7. Nc3 Ba6 8. Re1 Nf6 9. d3 O-O 10. e4 Qb6 11. Na4 Qc7 12. c4 Rab8 13. Rb1 Nd7 14. b3 Rfe8 15. Kh1 Nf8 16. e5 Ne6 17. g4 Nd4 18. Bb2 Rbd8 19. Nxd4 cxd4 20. Bxd4 c5 21. Ba1 Bb7+ 22. Kg1 Qc6 23. Kf2 Qg2+ 24. Ke3 dxe5 25. Rf1 exf4+ 26. Rxf4 Bh6 27. Be5 f6 28. Rb2 Qh3+ 29. Ke2 Bxf4 0-1

[Event "GBR-ch111 Over 50"]
[Site "Liverpool"]
[Date "2025.08.06"]
[Round "3.28"]
[White "Wilson, Matthew R"]
[Black "Aitchison, A Keith"]
[Result "1/2-1/2"]
[WhiteElo "1784"]
[BlackElo "1757"]
[PlyCount "95"]
[EventDate "2025.08.04"]
[EventType "swiss"]
[EventRounds "7"]
[EventCountry "GBR"]
[SourceTitle "BritBase"]
[Source "John Saunders"]
[SourceDate "2025.08.11"]
[SourceVersion "1"]
[SourceVersionDate "2025.08.11"]
[SourceQuality "1"]

1. e4 c6 2. d4 d5 3. exd5 cxd5 4. Bd3 Nf6 5. Bf4 Bg4 6. f3 Bh5 7. c3 Nbd7 8. Ne2 e6 9. Bg3 Bg6 10. Nf4 Bxd3 11. Nxd3 Be7 12. O-O O-O 13. a4 Nh5 14. Be1 Bd6 15. f4 Nhf6 16. Nd2 Qc7 17. Qf3 Rfe8 18. Kh1 a6 19. g4 Nb6 20. Bh4 Nc4 21. Nxc4 dxc4 22. Bxf6 gxf6 23. Nc1 Rac8 24. Ne2 Qc6 25. Ng3 Qxf3+ 26. Rxf3 b5 27. Ne4 Be7 28. axb5 axb5 29. Ra5 Rb8 30. f5 Bd8 31. Ra7 exf5 32. Nd6 Re1+ 33. Kg2 fxg4 34. Rg3 h5 35. Nxf7 Re2+ 36. Kf1 Re7 37. Nh6+ Kf8 38. Rxe7 Bxe7 39. Nf5 Bd8 40. d5 b4 41. h3 bxc3 42. bxc3 Rb3 43. hxg4 hxg4 44. Nd4 Rb1+ 45. Ke2 Ba5 46. Rxg4 Rb2+ 47. Kf3 Bxc3 48. Ke4 1/2-1/2

[Event "GBR-ch111 Over 50"]
[Site "Liverpool"]
[Date "2025.08.06"]
[Round "3.29"]
[White "Weersing, Nathan"]
[Black "Polanyk, John"]
[Result "1/2-1/2"]
[WhiteElo "1665"]
[BlackElo "1771"]
[PlyCount "66"]
[EventDate "2025.08.04"]
[EventType "swiss"]
[EventRounds "7"]
[EventCountry "GBR"]
[SourceTitle "BritBase"]
[Source "John Saunders"]
[SourceDate "2025.08.11"]
[SourceVersion "1"]
[SourceVersionDate "2025.08.11"]
[SourceQuality "1"]

1. e4 c5 2. Nf3 g6 3. c3 d5 4. Bb5+ Nc6 5. Qa4 Qd6 6. e5 Qc7 7. d4 Bg4 8. Be2 Bxf3 9. Bxf3 O-O-O 10. Be3 Bh6 11. Bg4+ e6 12. f4 Nge7 13. g3 Nf5 14. Bxf5 gxf5 15. Nd2 Kb8 16. b4 c4 17. Qc2 Bf8 18. a4 h5 19. Nf3 Ne7 20. a5 Ng6 21. Ke2 Be7 22. Qa4 Rdg8 23. h4 Qc8 24. b5 Nf8 25. Bf2 Nd7 26. Nd2 Rg6 27. Nb1 Rhg8 28. Na3 Bxa3 29. Qxa3 Qf8 30. Qa4 Qe7 31. Rhg1 f6 32. Kf3 Rg4 33. Rg2 R4g7 1/2-1/2

[Event "GBR-ch111 Over 50"]
[Site "Liverpool"]
[Date "2025.08.06"]
[Round "3.30"]
[White "Kenning, Paul H"]
[Black "Strugar, Ioan"]
[Result "1-0"]
[WhiteElo "1764"]
[BlackElo "1659"]
[PlyCount "47"]
[EventDate "2025.08.04"]
[EventType "swiss"]
[EventRounds "7"]
[EventCountry "GBR"]
[SourceTitle "BritBase"]
[Source "John Saunders"]
[SourceDate "2025.08.11"]
[SourceVersion "1"]
[SourceVersionDate "2025.08.11"]
[SourceQuality "1"]

1. e4 d6 2. d4 Nf6 3. Nc3 c6 4. Bd3 Qa5 5. Nf3 e5 6. h3 Be7 7. O-O O-O 8. Qe1 Qc7 9. Be3 h6 10. Qd2 Kh7 11. Nh2 Ng8 12. f4 Bf6 13. Ne2 Nd7 14. c3 Re8 15. Ng3 Bh4 16. Nf5 Bf6 17. fxe5 dxe5 18. Ng4 Nf8 19. Nfxh6 Bxg4 20. Nxg4 Bh4 21. Nxe5 Nf6 22. Bg5 Bg3 23. Bxf6 gxf6 24. Ng4 1-0

[Event "GBR-ch111 Over 50"]
[Site "Liverpool"]
[Date "2025.08.07"]
[Round "4.1"]
[White "Crocker, Philip J"]
[Black "Merriman, John"]
[Result "1/2-1/2"]
[WhiteElo "2155"]
[BlackElo "2202"]
[PlyCount "43"]
[EventDate "2025.08.04"]
[EventType "swiss"]
[EventRounds "7"]
[EventCountry "GBR"]
[SourceTitle "BritBase"]
[Source "John Saunders"]
[SourceDate "2025.08.11"]
[SourceVersion "1"]
[SourceVersionDate "2025.08.11"]
[SourceQuality "1"]

1. c4 e6 2. g3 Nf6 3. Bg2 a6 4. Nf3 b5 5. b3 Bb7 6. O-O c5 7. Bb2 Be7 8. d4 cxd4 9. Nxd4 Bxg2 10. Kxg2 bxc4 11. bxc4 Qc7 12. Qb3 Nc6 13. Nxc6 Qxc6+ 14. Qf3 Rc8 15. Rc1 O-O 16. Nd2 Qxf3+ 17. Kxf3 Rc6 18. Bxf6 Bxf6 19. Rab1 Rfc8 20. Rd1 d6 21. Rb7 Kf8 22. Rdb1 1/2-1/2

[Event "GBR-ch111 Over 50"]
[Site "Liverpool"]
[Date "2025.08.07"]
[Round "4.2"]
[White "McMichael, Richard J"]
[Black "Okike, David C"]
[Result "1/2-1/2"]
[WhiteElo "2112"]
[BlackElo "2165"]
[PlyCount "55"]
[EventDate "2025.08.04"]
[EventType "swiss"]
[EventRounds "7"]
[EventCountry "GBR"]
[SourceTitle "BritBase"]
[Source "John Saunders"]
[SourceDate "2025.08.11"]
[SourceVersion "1"]
[SourceVersionDate "2025.08.11"]
[SourceQuality "1"]

1. f4 d5 2. Nf3 c5 3. e3 a6 4. d4 Nc6 5. c3 Bg4 6. Bd3 e6 7. O-O Nh6 8. Nbd2 f6 9. Qe1 c4 10. Bc2 Bxf3 11. Nxf3 f5 12. b3 b5 13. bxc4 dxc4 14. e4 Be7 15. exf5 exf5 16. Ng5 Qd7 17. Ne6 Kf7 18. Ng5+ Kg8 19. Qe2 g6 20. Re1 Nf7 21. a4 Re8 22. axb5 axb5 23. h4 Nxg5 24. fxg5 Kf7 25. Qf3 Bd8 26. Bf4 Rxe1+ 27. Rxe1 Re8 28. Rxe8 1/2-1/2

[Event "GBR-ch111 Over 50"]
[Site "Liverpool"]
[Date "2025.08.07"]
[Round "4.3"]
[White "Moyse, Nigel J"]
[Black "Dougherty, Michael"]
[Result "0-1"]
[WhiteElo "1944"]
[BlackElo "2076"]
[PlyCount "100"]
[EventDate "2025.08.04"]
[EventType "swiss"]
[EventRounds "7"]
[EventCountry "GBR"]
[SourceTitle "BritBase"]
[Source "John Saunders"]
[SourceDate "2025.08.11"]
[SourceVersion "1"]
[SourceVersionDate "2025.08.11"]
[SourceQuality "1"]

1. d4 g6 2. Bf4 Bg7 3. e3 d6 4. c3 Nd7 5. h3 e5 6. Bh2 Ngf6 7. Nd2 O-O 8. dxe5 dxe5 9. Bc4 Qe7 10. Ngf3 e4 11. Nd4 Ne5 12. O-O c5 13. Bxe5 Qxe5 14. Ne2 Bf5 15. Qb3 b6 16. Ba6 g5 17. Nc4 Qe6 18. Nd2 Qe7 19. a4 h5 20. Rfe1 h4 21. Nf1 Nd7 22. Nh2 Ne5 23. Kh1 Kh7 24. g4 Bg6 25. Ng1 f5 26. gxf5 Rxf5 27. Rf1 Raf8 28. Qc2 Qf7 29. Rae1 c4 30. Re2 Nd3 31. Ng4 Qd5 32. Kg2 Rf3 33. Rd2 Bf5 34. Nxf3 exf3+ 35. Kh1 Qe6 36. Qd1 Bxg4 37. Bxc4 Qxc4 38. Rxd3 Bxh3 39. Rg1 g4 40. Rd5 Bg2+ 41. Rxg2 fxg2+ 42. Kxg2 Qe4+ 43. Kg1 h3 44. Qd3 h2+ 45. Kxh2 Rxf2+ 46. Kg1 Qxd3 47. Rxd3 Rxb2 48. Rd7 a5 49. Rb7 Kg6 50. c4 Be5 0-1

[Event "GBR-ch111 Over 50"]
[Site "Liverpool"]
[Date "2025.08.07"]
[Round "4.4"]
[White "Arkell, Keith C"]
[Black "Minnican, Alan"]
[Result "1-0"]
[WhiteElo "2363"]
[BlackElo "2056"]
[PlyCount "107"]
[EventDate "2025.08.04"]
[EventType "swiss"]
[EventRounds "7"]
[EventCountry "GBR"]
[SourceTitle "BritBase"]
[Source "John Saunders"]
[SourceDate "2025.08.11"]
[SourceVersion "1"]
[SourceVersionDate "2025.08.11"]
[SourceQuality "1"]

1. c4 d6 2. d4 Nf6 3. Nc3 g6 4. g3 Bg7 5. Nf3 Bf5 6. Nh4 Be6 7. d5 Bd7 8. Bg2 c6 9. O-O O-O 10. Be3 e6 11. dxe6 Bxe6 12. b3 d5 13. cxd5 Nxd5 14. Nxd5 Bxd5 15. Bxd5 cxd5 16. Bd4 Nc6 17. Bxg7 Kxg7 18. Nf3 d4 19. Rc1 Qf6 20. Qd3 Rfe8 21. Rfd1 Rad8 22. Rd2 Re6 23. a3 a6 24. b4 Red6 25. Rc5 Rd5 26. Rxd5 Rd7 27. Rd6 Rxd6 28. Rc2 Rd8 29. Rc5 b6 30. Rc1 b5 31. Rc5 Rd6 32. Kg2 h6 33. h4 Kg8 34. h5 Kg7 35. hxg6 fxg6 36. Nd2 Qe6 37. Qe4 Qd7 38. Nf3 Re6 39. Qc2 Qd6 40. Ne1 Ne5 41. Nd3 Nc4 42. a4 Re7 43. axb5 axb5 44. Kg1 Rc7 45. Nf4 Re7 46. Rd5 Qb6 47. Qd3 Ne5 48. Qxd4 Qxd4 49. Rxd4 g5 50. Nd3 Rd7 51. Nc5 Re7 52. Na6 Kf6 53. Rd5 Nc6 54. Rxb5 1-0

[Event "GBR-ch111 Over 50"]
[Site "Liverpool"]
[Date "2025.08.07"]
[Round "4.5"]
[White "Duncan, Chris R"]
[Black "Jennings, Richard"]
[Result "1-0"]
[WhiteElo "2196"]
[BlackElo "1926"]
[PlyCount "115"]
[EventDate "2025.08.04"]
[EventType "swiss"]
[EventRounds "7"]
[EventCountry "GBR"]
[SourceTitle "BritBase"]
[Source "John Saunders"]
[SourceDate "2025.08.11"]
[SourceVersion "1"]
[SourceVersionDate "2025.08.11"]
[SourceQuality "1"]

1. Nf3 d6 2. d4 Bg4 3. e4 Nd7 4. h3 Bxf3 5. Qxf3 e6 6. c4 Ngf6 7. Nc3 c6 8. Bd3 Qb6 9. Qe3 Be7 10. O-O O-O 11. b3 e5 12. d5 Qxe3 13. Bxe3 cxd5 14. cxd5 Nc5 15. Bc2 Rfc8 16. Rac1 a5 17. Bb1 Nfd7 18. g3 h6 19. Kg2 f6 20. f3 Kf7 21. Kf2 Rh8 22. Ke2 h5 23. Bd3 h4 24. g4 g5 25. Bb5 Rhc8 26. Bxd7 Nxd7 27. Nb5 Nc5 28. Rc3 Na6 29. Rfc1 Rxc3 30. Rxc3 Ke8 31. Bb6 a4 32. bxa4 Kd7 33. Rc4 Bd8 34. Be3 Ba5 35. a3 Bd8 36. Kd3 Ba5 37. Kc2 Bd8 38. Kb2 Ba5 39. Kb3 Bd8 40. Nc3 Ba5 41. Na2 Bd8 42. Nb4 Ba5 43. Nd3 Re8 44. Rc1 Ra8 45. Kc4 Kd8 46. Kb3 Kd7 47. Nb2 Bd8 48. Nc4 Rc8 49. Rc3 Ra8 50. a5 Rc8 51. Ka4 Ra8 52. Bb6 Rc8 53. Kb5 Nc5 54. Bxd8 Rxd8 55. Nxd6 Na6 56. Nxb7 Nc7+ 57. Rxc7+ Kxc7 58. Nxd8 1-0

[Event "GBR-ch111 Over 50"]
[Site "Liverpool"]
[Date "2025.08.07"]
[Round "4.6"]
[White "Archer-Lock, Christopher J"]
[Black "Baker, Chris W"]
[Result "0-1"]
[WhiteElo "1974"]
[BlackElo "2187"]
[PlyCount "60"]
[EventDate "2025.08.04"]
[EventType "swiss"]
[EventRounds "7"]
[EventCountry "GBR"]
[SourceTitle "BritBase"]
[Source "John Saunders"]
[SourceDate "2025.08.11"]
[SourceVersion "1"]
[SourceVersionDate "2025.08.11"]
[SourceQuality "1"]

1. e4 e5 2. Nf3 Nc6 3. Bb5 a6 4. Ba4 Nf6 5. d3 d6 6. Bxc6+ bxc6 7. Nbd2 g6 8. Nc4 Bg7 9. O-O O-O 10. Bd2 Be6 11. Na5 c5 12. c4 Nh5 13. g3 Bg4 14. Kg2 Qd7 15. Re1 f5 16. h3 fxe4 17. hxg4 exf3+ 18. Kh2 Nf6 19. Rh1 Nxg4+ 20. Kg1 e4 21. dxe4 Bxb2 22. Rb1 Bd4 23. Be1 Qf7 24. Rb7 Rae8 25. Nc6 Rxe4 26. Nxd4 Rxd4 27. Qb1 Qf5 28. Qc1 Qe4 29. Rxc7 Re8 30. Bc3 Qe2 0-1

[Event "GBR-ch111 Over 50"]
[Site "Liverpool"]
[Date "2025.08.07"]
[Round "4.7"]
[White "Neave, George"]
[Black "Handley, Michael R"]
[Result "1/2-1/2"]
[WhiteElo "2066"]
[BlackElo "1974"]
[PlyCount "98"]
[EventDate "2025.08.04"]
[EventType "swiss"]
[EventRounds "7"]
[EventCountry "GBR"]
[SourceTitle "BritBase"]
[Source "John Saunders"]
[SourceDate "2025.08.11"]
[SourceVersion "1"]
[SourceVersionDate "2025.08.11"]
[SourceQuality "1"]

1. e4 e6 2. d4 d5 3. Nd2 c5 4. exd5 Qxd5 5. dxc5 Qxc5 6. Ngf3 Nf6 7. Bd3 Be7 8. Nb3 Qc7 9. Qe2 Nc6 10. c3 Bd7 11. O-O O-O 12. Nbd4 Nxd4 13. cxd4 Bc6 14. Ne5 Bd5 15. Bg5 Rfd8 16. Rfd1 h6 17. Bh4 Rac8 18. h3 Kf8 19. f4 Ne8 20. Bf2 Nd6 21. Rd2 Bf6 22. b3 Nf5 23. Rc2 Bc6 24. Bxf5 exf5 25. Rac1 Qd6 26. Qc4 Bxe5 27. dxe5 Qg6 28. Bxa7 Rd5 29. Qe2 Rcd8 30. Bc5+ Kg8 31. Bd6 Re8 32. Qf2 Rd3 33. Rc3 Rxc3 34. Rxc3 Ra8 35. Rg3 Rxa2 36. Rxg6 Rxf2 37. Rxg7+ Kxg7 38. Kxf2 h5 39. Be7 Kg6 40. g3 Bd5 41. b4 Bc6 42. Ke3 Bg2 43. h4 Bh1 44. Kd4 Bf3 45. Kc5 Be4 46. Kd6 Bf3 47. e6 fxe6 48. Kxe6 Be4 49. b5 Bd3 1/2-1/2

[Event "GBR-ch111 Over 50"]
[Site "Liverpool"]
[Date "2025.08.07"]
[Round "4.8"]
[White "Brown, Alan M"]
[Black "Regan, Natasha K"]
[Result "1-0"]
[WhiteElo "1935"]
[BlackElo "2064"]
[PlyCount "101"]
[EventDate "2025.08.04"]
[EventType "swiss"]
[EventRounds "7"]
[EventCountry "GBR"]
[SourceTitle "BritBase"]
[Source "John Saunders"]
[SourceDate "2025.08.11"]
[SourceVersion "1"]
[SourceVersionDate "2025.08.11"]
[SourceQuality "1"]

1. d4 d5 2. c4 dxc4 3. e3 Nf6 4. Bxc4 e6 5. Nf3 a6 6. O-O Nbd7 7. b3 Be7 8. Ba3 O-O 9. Bxe7 Qxe7 10. Nbd2 b5 11. Be2 c5 12. Rc1 Bb7 13. dxc5 Nxc5 14. b4 Na4 15. a3 Rfd8 16. Qb3 Bd5 17. Qb1 Rac8 18. Qa1 Qb7 19. Rxc8 Rxc8 20. Rc1 h6 21. Bd1 Nb6 22. Rc3 Nc4 23. Qc1 Rd8 24. Be2 Nxd2 25. Nxd2 Bxg2 26. f3 Bh3 27. Nb3 Qd5 28. e4 Qh5 29. Qe1 Qe5 30. f4 Qxf4 31. Rxh3 Qxe4 32. Nc5 Qd4+ 33. Qf2 Qa1+ 34. Kg2 Rd2 35. Nb3 Qb2 36. Nxd2 Qxd2 37. Rd3 Qg5+ 38. Qg3 Qc1 39. Rc3 Qb2 40. Qd3 g6 41. Qc2 Qa1 42. Bf3 Kg7 43. Bb7 Qe1 44. Rf3 e5 45. Qf2 Qc1 46. Rxf6 Qg5+ 47. Kh1 Qxf6 48. Qxf6+ Kxf6 49. Bxa6 e4 50. Bxb5 Ke5 51. a4 1-0

[Event "GBR-ch111 Over 50"]
[Site "Liverpool"]
[Date "2025.08.07"]
[Round "4.9"]
[White "Brett, Andrew R"]
[Black "Coffey, Mike J"]
[Result "1-0"]
[WhiteElo "2061"]
[BlackElo "1894"]
[PlyCount "99"]
[EventDate "2025.08.04"]
[EventType "swiss"]
[EventRounds "7"]
[EventCountry "GBR"]
[SourceTitle "BritBase"]
[Source "John Saunders"]
[SourceDate "2025.08.11"]
[SourceVersion "1"]
[SourceVersionDate "2025.08.11"]
[SourceQuality "1"]

1. d4 d5 2. c4 c6 3. Nf3 Nf6 4. e3 Bf5 5. Nc3 e6 6. Nh4 Bg4 7. Qb3 Qb6 8. c5 Qc7 9. h3 Bh5 10. g4 Bg6 11. Nxg6 hxg6 12. Bg2 Be7 13. Bd2 Nbd7 14. Qc2 e5 15. O-O-O O-O-O 16. Kb1 Kb8 17. Ka1 Ka8 18. b4 Rhe8 19. b5 Bf8 20. Rb1 Re6 21. Rb3 e4 22. Rhb1 b6 23. g5 Ne8 24. bxc6 Qxc6 25. Bf1 bxc5 26. Bb5 Qd6 27. Nxd5 Qxd5 28. Bc4 Qd6 29. Bxe6 Qxe6 30. Ba5 Rb8 31. Rxb8+ Nxb8 32. Qb2 Qc8 33. Qc2 Qc6 34. Qb3 Qc8 35. Qxf7 Nc6 36. Qd5 Nd6 37. Bc3 Nb7 38. Qxe4 cxd4 39. exd4 Nd6 40. Qd5 Nf5 41. Qc4 Nd6 42. Qd5 Be7 43. h4 Nf5 44. Bb2 a6 45. Rc1 Kb7 46. Qb3+ Ka8 47. Qa4 Kb7 48. d5 Bd6 49. Rxc6 Qa8 50. Qb3+ 1-0

[Event "GBR-ch111 Over 50"]
[Site "Liverpool"]
[Date "2025.08.07"]
[Round "4.10"]
[White "Smith, Jeff R"]
[Black "Alldritt, Nigel RE"]
[Result "1/2-1/2"]
[WhiteElo "2050"]
[BlackElo "1888"]
[PlyCount "49"]
[EventDate "2025.08.04"]
[EventType "swiss"]
[EventRounds "7"]
[EventCountry "GBR"]
[SourceTitle "BritBase"]
[Source "John Saunders"]
[SourceDate "2025.08.11"]
[SourceVersion "1"]
[SourceVersionDate "2025.08.11"]
[SourceQuality "1"]

1. e4 e6 2. d4 d5 3. Nd2 Nf6 4. e5 Nfd7 5. Bd3 c5 6. c3 Nc6 7. Ne2 cxd4 8. cxd4 f6 9. exf6 Nxf6 10. O-O Bd6 11. Nf3 Qc7 12. Bd2 O-O 13. Rc1 Ng4 14. Ng3 g6 15. Bc3 Qg7 16. Re1 Qh6 17. Bd2 Bf4 18. Bxf4 Qxf4 19. Bf1 Bd7 20. h3 Nh6 21. Qd3 Rac8 22. Ne2 Qf6 23. Ng3 Qf4 24. Ne2 Qf6 25. Ng3 1/2-1/2

[Event "GBR-ch111 Over 50"]
[Site "Liverpool"]
[Date "2025.08.07"]
[Round "4.11"]
[White "Singhal, Saket"]
[Black "Ledger, Stephen C"]
[Result "0-1"]
[WhiteElo "1613"]
[BlackElo "2033"]
[PlyCount "76"]
[EventDate "2025.08.04"]
[EventType "swiss"]
[EventRounds "7"]
[EventCountry "GBR"]
[SourceTitle "BritBase"]
[Source "John Saunders"]
[SourceDate "2025.08.11"]
[SourceVersion "1"]
[SourceVersionDate "2025.08.11"]
[SourceQuality "1"]

1. e4 c5 2. Nf3 Nc6 3. Bb5 g6 4. Bxc6 dxc6 5. O-O Bg7 6. d3 Nf6 7. h3 O-O 8. Nc3 b6 9. Be3 Nd7 10. Qd2 e5 11. Nh2 f6 12. f4 exf4 13. Rxf4 Ne5 14. Raf1 Qe7 15. Ne2 Be6 16. b3 Rad8 17. Ng3 Rd7 18. Qe2 Qd6 19. Rd1 Bh6 20. Rf2 Bxe3 21. Qxe3 Qd4 22. Qd2 Kg7 23. Ne2 Qb4 24. Nf4 Bg8 25. Qe2 Qd4 26. Nf3 Nxf3+ 27. Qxf3 Qe5 28. g4 Rd6 29. Rg2 b5 30. Rf1 c4 31. g5 f5 32. bxc4 bxc4 33. Rb1 fxe4 34. Rb7+ Rf7 35. Rxf7+ Bxf7 36. dxe4 Rd4 37. Rg4 Rd2 38. Qa3 Qa1+ 0-1

[Event "GBR-ch111 Over 50"]
[Site "Liverpool"]
[Date "2025.08.07"]
[Round "4.12"]
[White "Homer, Stephen J"]
[Black "Jaszkiwskyj, Peter"]
[Result "0-1"]
[WhiteElo "2005"]
[BlackElo "1889"]
[PlyCount "41"]
[EventDate "2025.08.04"]
[EventType "swiss"]
[EventRounds "7"]
[EventCountry "GBR"]
[SourceTitle "BritBase"]
[Source "John Saunders"]
[SourceDate "2025.08.11"]
[SourceVersion "1"]
[SourceVersionDate "2025.08.11"]
[SourceQuality "1"]

1. e4 e6 2. d4 d5 3. Bd3 dxe4 4. Bxe4 Nf6 5. Bf3 c5 6. Ne2 Nc6 7. Be3 Nd5 8. Bxd5 Qxd5 9. Nbc3 Qxg2 10. Rg1 Qxh2 11. Bf4 Qh4 12. Nb5 f6 13. Nc7+ Kf7 14. d5 Nd4 15. Nxd4 Qxf4 16. dxe6+ Kg8 17. Qh5 Qxc7 18. Nf5 g5 19. Rxg5+ fxg5 20. Qxg5+ Bg7 21. O-O-O 0-1

[Event "GBR-ch111 Over 50"]
[Site "Liverpool"]
[Date "2025.08.07"]
[Round "4.13"]
[White "Ridge, Michael"]
[Black "Thomas, Robert"]
[Result "1/2-1/2"]
[WhiteElo "1868"]
[BlackElo "2166"]
[PlyCount "93"]
[EventDate "2025.08.04"]
[EventType "swiss"]
[EventRounds "7"]
[EventCountry "GBR"]
[SourceTitle "BritBase"]
[Source "John Saunders"]
[SourceDate "2025.08.11"]
[SourceVersion "1"]
[SourceVersionDate "2025.08.11"]
[SourceQuality "1"]

1. Nf3 d5 2. g3 Bg4 3. Bg2 Nd7 4. O-O e6 5. c4 c6 6. cxd5 exd5 7. d3 Ngf6 8. Nc3 Be7 9. h3 Bxf3 10. Bxf3 O-O 11. Bg2 a5 12. e4 dxe4 13. dxe4 Bb4 14. Qc2 Re8 15. Be3 Qe7 16. Rfe1 Bc5 17. Qe2 Bxe3 18. Qxe3 Qc5 19. Rad1 Qxe3 20. Rxe3 Nb6 21. b3 Red8 22. Red3 Rxd3 23. Rxd3 Kf8 24. e5 Nfd7 25. f4 Nc5 26. Rd1 Ke7 27. Ne4 Nxe4 28. Bxe4 f6 29. exf6+ Kxf6 30. Kf2 h6 31. Kf3 Re8 32. g4 Re7 33. Rd6+ Re6 34. g5+ Ke7 35. Rxe6+ Kxe6 36. gxh6 gxh6 37. Bd3 Nd5 38. a4 Kf6 39. Kg4 h5+ 40. Kf3 h4 41. Ke4 Nc3+ 42. Kf3 b5 43. axb5 cxb5 44. Kg4 a4 45. bxa4 bxa4 46. Bc4 a3 47. Kxh4 1/2-1/2

[Event "GBR-ch111 Over 50"]
[Site "Liverpool"]
[Date "2025.08.07"]
[Round "4.14"]
[White "Giulian, Rosemary A"]
[Black "Farrell, Neil R"]
[Result "0-1"]
[WhiteElo "1861"]
[BlackElo "2134"]
[PlyCount "98"]
[EventDate "2025.08.04"]
[EventType "swiss"]
[EventRounds "7"]
[EventCountry "GBR"]
[SourceTitle "BritBase"]
[Source "John Saunders"]
[SourceDate "2025.08.11"]
[SourceVersion "1"]
[SourceVersionDate "2025.08.11"]
[SourceQuality "1"]

1. e4 e6 2. d4 d5 3. Nd2 c5 4. exd5 Qxd5 5. Ngf3 cxd4 6. Bc4 Qd6 7. O-O Nf6 8. Nb3 Nc6 9. Nbxd4 Nxd4 10. Qxd4 Qxd4 11. Nxd4 Bc5 12. Bb5+ Bd7 13. Bxd7+ Kxd7 14. Nb3 Bb6 15. Be3 Bxe3 16. fxe3 Ke7 17. h3 Rac8 18. c3 Rhd8 19. Rfd1 e5 20. Kf2 Ne4+ 21. Ke1 Nd6 22. Rd2 Nc4 23. Re2 b6 24. Rd1 f5 25. Nc1 Rxd1+ 26. Kxd1 Nd6 27. Kc2 Ke6 28. Nd3 h5 29. Nf2 g5 30. b3 g4 31. hxg4 fxg4 32. Kb2 Rf8 33. c4 g3 34. Nh3 Ne4 35. Kc2 Rf1 36. Kd3 Kf5 37. b4 Rb1 38. b5 h4 39. Rc2 Re1 40. Re2 Rc1 41. Rb2 Rh1 42. Rc2 Ng5 43. Nxg5 Kxg5 44. c5 bxc5 45. Rxc5 h3 46. gxh3 g2 47. Rc8 g1=Q 48. Rg8+ Kf5 49. Rxg1 Rxg1 0-1

[Event "GBR-ch111 Over 50"]
[Site "Liverpool"]
[Date "2025.08.07"]
[Round "4.15"]
[White "Rubeck, Jonathan"]
[Black "Noyce, Robert C"]
[Result "1/2-1/2"]
[WhiteElo "1850"]
[BlackElo "2040"]
[PlyCount "63"]
[EventDate "2025.08.04"]
[EventType "swiss"]
[EventRounds "7"]
[EventCountry "GBR"]
[SourceTitle "BritBase"]
[Source "John Saunders"]
[SourceDate "2025.08.11"]
[SourceVersion "1"]
[SourceVersionDate "2025.08.11"]
[SourceQuality "1"]

1. e4 b6 2. d4 Bb7 3. Bd3 e6 4. Nf3 c5 5. c3 Nf6 6. e5 Nd5 7. O-O Be7 8. Qe2 Qc8 9. a3 cxd4 10. Nxd4 f5 11. exf6 Nxf6 12. Bg5 O-O 13. Nd2 Nc6 14. N2f3 Qe8 15. Rad1 Qh5 16. Bc1 Qg4 17. Ne1 Nxd4 18. cxd4 Bd6 19. h3 Qxe2 20. Bxe2 Rac8 21. Bd3 Nd5 22. Be4 Ba6 23. Nd3 Nf4 24. Rfe1 Nxd3 25. Bxd3 Rxc1 26. Bxa6 Rc2 27. Re2 Rxe2 28. Bxe2 Rc8 29. g3 Kf7 30. Bd3 Kf6 31. Kg2 h6 32. Kf1 1/2-1/2

[Event "GBR-ch111 Over 50"]
[Site "Liverpool"]
[Date "2025.08.07"]
[Round "4.16"]
[White "Cook, Phil"]
[Black "Mason, Donald J"]
[Result "1/2-1/2"]
[WhiteElo "1844"]
[BlackElo "2015"]
[PlyCount "52"]
[EventDate "2025.08.04"]
[EventType "swiss"]
[EventRounds "7"]
[EventCountry "GBR"]
[SourceTitle "BritBase"]
[Source "John Saunders"]
[SourceDate "2025.08.11"]
[SourceVersion "1"]
[SourceVersionDate "2025.08.11"]
[SourceQuality "1"]

1. e4 e5 2. Nf3 Nc6 3. d4 exd4 4. Nxd4 Nf6 5. Nxc6 bxc6 6. Bd3 d6 7. O-O Be7 8. c4 O-O 9. Nc3 Nd7 10. Bf4 Ne5 11. Be2 Ng6 12. Bg3 Bh4 13. Qa4 Bd7 14. Rad1 c5 15. Qa3 Bxg3 16. hxg3 Ne5 17. f4 Nc6 18. e5 Nd4 19. exd6 cxd6 20. Bf3 Rb8 21. b3 Be6 22. Ne2 Nxe2+ 23. Bxe2 Qb6 24. Bf3 a5 25. Rf2 Rbd8 26. Rfd2 Rfe8 1/2-1/2

[Event "GBR-ch111 Over 50"]
[Site "Liverpool"]
[Date "2025.08.07"]
[Round "4.17"]
[White "May, Paul"]
[Black "Kee, Steve"]
[Result "0-1"]
[WhiteElo "1815"]
[BlackElo "1977"]
[PlyCount "52"]
[EventDate "2025.08.04"]
[EventType "swiss"]
[EventRounds "7"]
[EventCountry "GBR"]
[SourceTitle "BritBase"]
[Source "John Saunders"]
[SourceDate "2025.08.11"]
[SourceVersion "1"]
[SourceVersionDate "2025.08.11"]
[SourceQuality "1"]

1. d4 f5 2. Bg5 g6 3. e3 Bg7 4. h4 h6 5. Bf4 d6 6. Bc4 Nf6 7. Nc3 e6 8. Qd2 Qe7 9. Nf3 Nc6 10. Bb5 Bd7 11. O-O-O O-O-O 12. Rhe1 e5 13. Bxc6 Bxc6 14. d5 Be8 15. e4 Ng4 16. exf5 gxf5 17. Nd4 Qd7 18. Ne6 exf4 19. Nxd8 Qxd8 20. Qxf4 Bd7 21. f3 Nf6 22. Qc4 a6 23. Re2 Re8 24. Rde1 Rxe2 25. Rxe2 Nh5 26. Nd1 Bb5 0-1